[Event "Wch Seniors 23rd"]
[Site "Opatija"]
[Date "2013.11.19"]
[Round "7"]
[White "Giulian, Philip Maurice"]
[Black "Kaminik, Aleksandar"]
[Result "1/2-1/2"]
[WhiteElo "2244"]
[BlackElo "2138"]
[PlyCount "76"]
[EventDate "2013.11.12"]
[EventType "swiss"]
[EventRounds "11"]
[EventCountry "CRO"]
[SourceTitle "CBM 157 Extra"]
[Source "ChessBase"]
[SourceDate "2013.12.19"]
[SourceVersion "1"]
[SourceVersionDate "2013.12.19"]
[SourceQuality "1"]

1. d4 Nf6 2. c4 g6 3. Nc3 Bg7 4. e4 d6 5. f3 0-0 6. Be3 Nfd7 7. Qd2 e5 8. Nge2 f5 9. exf5 gxf5 10. 0-0-0 Nc6 11. dxe5 Ncxe5 12. Nf4 Nf6 13. Be2 Nf7 14. c5 Kh8 15. Bc4 Bd7 16. Qf2 Ne5 17. Bb3 Ne8 18. Rhe1 b5 19. Bd4 b4 20. Nb1 Qg5 21. Be3 Qe7 22. Nd5 Qd8 23. Bd4 a5 24. f4 Ng6 25. Bxg7+ Nxg7 26. Qd4 Ra6 27. Bc4 Rc6 28. cxd6 Rxd6 29. Qf2 Ba4 30. b3 Bc6 31. Qc5 Bxd5 32. Rxd5 Nxf4 33. Rxd6 cxd6 34. Qd4 Ng6 35. Nd2 Ne5 36. Nf3 Nxc4 37. Qxc4 Qc8 38. Re7 Re8 1/2-1/2

[Event "Wch Seniors 23rd"]
[Site "Opatija"]
[Date "2013.11.18"]
[Round "6"]
[White "Kaminik, Aleksandar"]
[Black "Filipenko, Alexander V"]
[Result "0-1"]
[WhiteElo "2138"]
[BlackElo "2288"]
[PlyCount "100"]
[EventDate "2013.11.12"]
[EventType "swiss"]
[EventRounds "11"]
[EventCountry "CRO"]
[SourceTitle "CBM 157 Extra"]
[Source "ChessBase"]
[SourceDate "2013.12.19"]
[SourceVersion "1"]
[SourceVersionDate "2013.12.19"]
[SourceQuality "1"]

1. d4 d5 2. c4 e6 3. Nc3 c6 4. e3 Nf6 5. Bd3 Nbd7 6. f4 dxc4 7. Bxc4 b5 8. Bd3 Bb7 9. Nf3 a6 10. a4 b4 11. Ne2 c5 12. 0-0 Be7 13. Ng3 g6 14. Kh1 0-0 15. e4 cxd4 16. Nxd4 Nc5 17. Be3 Nxd3 18. Qxd3 Nxe4 19. Nxe4 Qd5 20. Rfe1 Qxe4 21. Qxe4 Bxe4 22. Nb3 Bd5 23. Nc5 Rfc8 24. Rac1 Rc6 25. Nd3 Rac8 26. Rxc6 Rxc6 27. Rc1 Rxc1+ 28. Bxc1 Be4 29. Ne5 f6 30. Nc4 Bd3 31. Na5 Be4 32. Bd2 Bd5 33. Kg1 Bc5+ 34. Kf1 e5 35. fxe5 fxe5 36. g3 Kf7 37. Ke2 Ke6 38. Kd3 Kd7 39. Be1 h5 40. Kc2 g5 41. h3 g4 42. hxg4 hxg4 43. Nb3 Bxb3+ 44. Kxb3 a5 45. Kc4 Kc6 46. b3 e4 47. Bd2 e3 48. Be1 Bb6 49. Kd3 Kd5 50. Ke2 Ke4 0-1

[Event "Wch Seniors 23rd"]
[Site "Opatija"]
[Date "2013.11.13"]
[Round "2"]
[White "Kaminik, Aleksandar"]
[Black "Kiefer, Gerhard"]
[Result "1/2-1/2"]
[WhiteElo "2138"]
[BlackElo "2271"]
[PlyCount "137"]
[EventDate "2013.11.12"]
[EventType "swiss"]
[EventRounds "11"]
[EventCountry "CRO"]
[SourceTitle "CBM 157 Extra"]
[Source "ChessBase"]
[SourceDate "2013.12.19"]
[SourceVersion "1"]
[SourceVersionDate "2013.12.19"]
[SourceQuality "1"]

1. d4 Nf6 2. c4 c5 3. d5 b5 4. cxb5 a6 5. b6 d6 6. Nc3 Nbd7 7. e4 g6 8. Nf3 Bg7 9. Nd2 0-0 10. Be2 Nxb6 11. a4 a5 12. 0-0 e6 13. Nc4 exd5 14. exd5 Nxc4 15. Bxc4 Re8 16. Bb5 Bd7 17. Bf4 Ne4 18. Qf3 Nxc3 19. bxc3 Bxb5 20. axb5 c4 21. Ra4 Rb8 22. Rxc4 Rxb5 23. Rc6 Be5 24. c4 Rb6 25. Be3 Rb3 26. Qd1 a4 27. Ra6 Qh4 28. g3 Qxc4 29. Ra7 Rd3 30. Qxa4 Qxa4 31. Rxa4 Rxd5 32. Ra7 Bd4 33. Bxd4 Rxd4 34. Rb1 Re6 35. Rbb7 Rf6 36. Ra2 g5 37. h3 Kg7 38. g4 Rd3 39. Kg2 Rff3 40. Rd7 Rf4 41. Re2 Kg6 42. Re3 Rxe3 43. fxe3 Rf6 44. Rd8 h6 45. Rg8+ Kh7 46. Rd8 Kg7 47. Kg3 Re6 48. Kf3 Kf6 49. Rd7 Kg6 50. e4 Rf6+ 51. Kg3 Kg7 52. Rd8 Re6 53. Kf3 Kg6 54. Rd7 Kf6 55. Ke3 Kg6 56. Kf3 Rf6+ 57. Kg3 h5 58. gxh5+ Kxh5 59. Rd8 Kh6 60. h4 gxh4+ 61. Kxh4 Rg6 62. Rh8+ Kg7 63. Rd8 Re6 64. Kg3 Kf6 65. Kf4 Ke7 66. Ra8 Rf6+ 67. Ke3 Rh6 68. Ra7+ Ke6 69. Ra8 1/2-1/2

[Event "Wch Seniors 23rd"]
[Site "Opatija"]
[Date "2013.11.12"]
[Round "1"]
[White "Milosevic, Bozidar"]
[Black "Kaminik, Aleksandar"]
[Result "0-1"]
[WhiteElo "1734"]
[BlackElo "2138"]
[PlyCount "85"]
[EventDate "2013.11.12"]
[EventType "swiss"]
[EventRounds "11"]
[EventCountry "CRO"]
[SourceTitle "CBM 157 Extra"]
[Source "ChessBase"]
[SourceDate "2013.12.19"]
[SourceVersion "1"]
[SourceVersionDate "2013.12.19"]
[SourceQuality "1"]

1. e4 e6 2. d4 d5 3. e5 c5 4. Bb5+ Nc6 5. Nf3 Qb6 6. Nc3 cxd4 7. Bxc6+ bxc6 8. Qxd4 c5 9. Qd2 Ba6 10. Ne2 g6 11. 0-0 Bh6 12. Qd1 Bxc1 13. Rxc1 Qxb2 14. Rb1 Qxa2 15. Nd2 Qa5 16. f4 Ne7 17. Rf3 Bxe2 18. Qxe2 0-0 19. g4 Rab8 20. Rbf1 Nc6 21. Qg2 Rb2 22. R1f2 Rxc2 23. Nf1 Rxf2 24. Qxf2 f6 25. exf6 Rxf6 26. Qh4 Rf7 27. Ng3 Qa1+ 28. Kg2 Qf6 29. g5 Qe7 30. Qg4 Nb4 31. Re3 Qc7 32. h4 Qxf4 33. Qxf4 Rxf4 34. Ra3 Rf7 35. h5 c4 36. Ra4 Rc7 37. h6 c3 38. Ra1 d4 39. Kf2 e5 40. Ke2 e4 41. Rc1 d3+ 42. Kd1 e3 43. Ke1 0-1

[Event "Lueneburg Seniors 1st"]
[Site "Lueneburg"]
[Date "2013.07.22"]
[Round "8"]
[White "Kaminik, Aleksandar"]
[Black "Piastowski, Kurt"]
[Result "1/2-1/2"]
[WhiteElo "2174"]
[BlackElo "1987"]
[PlyCount "64"]
[EventDate "2013.07.15"]
[EventType "tourn"]
[EventRounds "9"]
[EventCountry "GER"]
[SourceTitle "CBM 155 Extra"]
[Source "ChessBase"]
[SourceDate "2013.08.26"]
[SourceVersion "1"]
[SourceVersionDate "2013.08.26"]
[SourceQuality "1"]

1. d4 d5 2. c4 c6 3. Nf3 Nf6 4. Nc3 e6 5. e3 Bd6 6. b3 Nbd7 7. Bb2 0-0 8. Bd3 Re8 9. 0-0 e5 10. dxe5 Nxe5 11. Be2 dxc4 12. bxc4 Nxf3+ 13. Bxf3 Bf5 14. Qd4 Qe7 15. Rfd1 Bc5 16. Qf4 Bg6 17. Ne2 Rad8 18. Nd4 Bd6 19. Qh4 Ne4 20. Qxe7 Bxe7 21. Nb3 Ng5 22. Na5 Nxf3+ 23. gxf3 Bf5 24. Be5 Bc8 25. Rab1 Rxd1+ 26. Rxd1 Rd8 27. Rb1 Rd7 28. Kf1 c5 29. Ke1 Bd8 30. Nb3 Bc7 31. Bxc7 Rxc7 32. Rd1 Kf8 1/2-1/2

[Event "Lueneburg op"]
[Site "Lueneburg"]
[Date "2013.07.21"]
[Round "7"]
[White "Kaminik, Aleksandar"]
[Black "Kunow, Frank"]
[Result "1-0"]
[WhiteElo "2174"]
[BlackElo "1920"]
[PlyCount "54"]
[EventDate "2013.07.15"]
[EventType "swiss"]
[EventRounds "7"]
[EventCountry "GER"]
[SourceTitle "CBM 155 Extra"]
[Source "ChessBase"]
[SourceDate "2013.08.26"]
[SourceVersion "1"]
[SourceVersionDate "2013.08.26"]
[SourceQuality "1"]

1. d4 Nf6 2. c4 e6 3. Nc3 Bb4 4. e3 0-0 5. a3 Bxc3+ 6. bxc3 b6 7. Bd3 Bb7 8. f3 d6 9. Ne2 Nbd7 10. Ng3 Re8 11. e4 c5 12. 0-0 e5 13. Nf5 Nf8 14. Be3 Ng6 15. Qd2 Nh5 16. g3 Qc7 17. Qg2 Bc8 18. Rae1 Ne7 19. Qh3 Nxf5 20. exf5 g6 21. Qh4 Qe7 22. Bg5 f6 23. Bd2 Qg7 24. g4 Nf4 25. Bxf4 g5 26. Qh5 Bxf5 27. Bxf5 Qf7 1-0

[Event "Hamburg St Pauli op-A"]
[Site "Hamburg"]
[Date "2013.07.13"]
[Round "8"]
[White "Urbanek, Paul Gerhard"]
[Black "Kaminik, Aleksandar"]
[Result "0-1"]
[WhiteElo "1959"]
[BlackElo "2174"]
[PlyCount "41"]
[EventDate "2013.07.06"]
[EventType "swiss"]
[EventRounds "9"]
[EventCountry "GER"]
[SourceTitle "CBM 155 Extra"]
[Source "ChessBase"]
[SourceDate "2013.08.26"]
[SourceVersion "1"]
[SourceVersionDate "2013.08.26"]
[SourceQuality "1"]

1. e4 e6 2. d4 d5 3. exd5 exd5 4. Nf3 Bd6 5. h3 Nc6 6. Bd3 Nb4 7. 0-0 Nxd3 8. Qxd3 Ne7 9. Nc3 c6 10. Bg5 Bf5 11. Qe2 Qd7 12. Ne1 0-0-0 13. Nd3 Rde8 14. g4 Ng6 15. Be3 Be6 16. f4 Bc7 17. g5 Ne7 18. Qf3 a5 19. Kg2 g6 20. Rae1 Bg4 21. hxg4 0-1

[Event "EU-ch Seniors rap"]
[Site "Plovdiv"]
[Date "2013.03.20"]
[Round "1"]
[White "Kaminik, Aleksandar"]
[Black "Okhotnik, Vladimir"]
[Result "0-1"]
[WhiteElo "2164"]
[BlackElo "2411"]
[PlyCount "60"]
[EventDate "2013.03.20"]
[EventType "swiss (rapid)"]
[EventRounds "9"]
[EventCountry "BUL"]
[SourceTitle "EXT 2014"]
[Source "ChessBase"]
[SourceDate "2013.11.20"]
[SourceVersion "1"]
[SourceVersionDate "2013.11.20"]
[SourceQuality "1"]

1. d4 g6 2. c4 Bg7 3. Nc3 c5 4. d5 Bxc3+ 5. bxc3 f5 6. Nf3 Qa5 7. Bd2 d6 8. Ng5 Nf6 9. Qb3 Nbd7 10. g3 Nb6 11. Bg2 Bd7 12. 0-0 Ba4 13. Qb1 Qa6 14. Ne6 Rc8 15. Bh6 Qxc4 16. Bg7 Rg8 17. Bxf6 exf6 18. e4 fxe4 19. Bxe4 Kf7 20. Nf4 Qxc3 21. h4 f5 22. Bxf5 gxf5 23. Qxf5+ Qf6 24. Qxh7+ Rg7 25. Qh5+ Kg8 26. Rae1 Qxf4 27. Re7 Qf6 28. Re6 Qf7 29. Qh6 Rf8 30. Rxd6 Bb5 0-1

[Event "EU-ch Seniors 13th"]
[Site "Plovdiv"]
[Date "2013.03.18"]
[Round "8"]
[White "Mayer Schwartz, Rene"]
[Black "Kaminik, Aleksandar"]
[Result "0-1"]
[WhiteElo "2066"]
[BlackElo "2164"]
[PlyCount "56"]
[EventDate "2013.03.11"]
[EventType "swiss"]
[EventRounds "9"]
[EventCountry "BUL"]
[SourceTitle "CBM 153 Extra"]
[Source "ChessBase"]
[SourceDate "2013.04.22"]
[SourceVersion "1"]
[SourceVersionDate "2013.04.22"]
[SourceQuality "1"]

1. Nf3 Nf6 2. d3 g6 3. e4 d6 4. Nc3 Bg7 5. h3 0-0 6. Be3 c5 7. Qd2 Nc6 8. Bh6 e5 9. Bxg7 Kxg7 10. Be2 Be6 11. 0-0 h6 12. a3 Nh5 13. Nd5 Bxd5 14. exd5 Ne7 15. c4 f5 16. Rae1 Ng8 17. Nxe5 dxe5 18. Bxh5 gxh5 19. Rxe5 Qg5 20. f4 Qg6 21. Rfe1 Rf6 22. d4 b6 23. b4 Rc8 24. dxc5 bxc5 25. b5 a6 26. bxa6 Rxa6 27. Qb2 Rb6 28. Re8+ Rxb2 0-1

[Event "EU-ch Seniors 13th"]
[Site "Plovdiv"]
[Date "2013.03.17"]
[Round "7"]
[White "Kaminik, Aleksandar"]
[Black "Balashov, Yuri S"]
[Result "0-1"]
[WhiteElo "2164"]
[BlackElo "2481"]
[PlyCount "80"]
[EventDate "2013.03.11"]
[EventType "swiss"]
[EventRounds "9"]
[EventCountry "BUL"]
[SourceTitle "CBM 153 Extra"]
[Source "ChessBase"]
[SourceDate "2013.04.22"]
[SourceVersion "1"]
[SourceVersionDate "2013.04.22"]
[SourceQuality "1"]

1. d4 d6 2. Nf3 g6 3. c4 Bg7 4. Nc3 Nf6 5. g3 0-0 6. Bg2 Nc6 7. 0-0 a6 8. h3 Re8 9. Nd5 Bd7 10. Bd2 Nxd5 11. cxd5 Nxd4 12. Nxd4 Bxd4 13. Ba5 Bf6 14. Rc1 Rc8 15. b3 b6 16. Bd2 e6 17. dxe6 Bxe6 18. Kh2 c5 19. Bb7 Rb8 20. Bxa6 b5 21. a4 bxa4 22. bxa4 Bb3 23. Qe1 Bxa4 24. Ba5 Qe7 25. Bc3 Bb5 26. Bxb5 Rxb5 27. e3 h5 28. Qe2 Rb3 29. Bxf6 Qxf6 30. Rc2 h4 31. g4 d5 32. Qd1 Qe5+ 33. Kg1 c4 34. Rd2 Rb5 35. Rd4 Rc8 36. Qc2 c3 37. Rc1 Rbc5 38. Rb1 Rc4 39. Rb4 Qxd4 40. exd4 Rxb4 0-1

[Event "EU-ch Seniors 13th"]
[Site "Plovdiv"]
[Date "2013.03.14"]
[Round "4"]
[White "Cernea, Radu Gheorghe"]
[Black "Kaminik, Aleksandar"]
[Result "1/2-1/2"]
[WhiteElo "2001"]
[BlackElo "2164"]
[PlyCount "93"]
[EventDate "2013.03.11"]
[EventType "swiss"]
[EventRounds "9"]
[EventCountry "BUL"]
[SourceTitle "CBM 153 Extra"]
[Source "ChessBase"]
[SourceDate "2013.04.22"]
[SourceVersion "1"]
[SourceVersionDate "2013.04.22"]
[SourceQuality "1"]

1. d4 Nf6 2. c4 g6 3. Nc3 Bg7 4. e4 d6 5. Nge2 0-0 6. Ng3 Nbd7 7. Be2 e5 8. d5 a5 9. h4 h5 10. Bg5 Nc5 11. Bxh5 Qd7 12. Be2 Nh7 13. Bd2 c6 14. Qc1 f5 15. h5 Qf7 16. hxg6 Qxg6 17. Qc2 fxe4 18. Ncxe4 cxd5 19. cxd5 Bf5 20. Bh5 Qxg3 21. fxg3 Bxe4 22. Qc4 b5 23. Qxb5 Rab8 24. Qxa5 Rxb2 25. Bf3 Bxf3 26. gxf3 Rxf3 27. Ke2 Rd3 28. Rad1 e4 29. Qd8+ Nf8 30. Qxd6 Na4 31. Rhf1 Nc3+ 32. Ke1 Re3+ 33. Kf2 Nxd1+ 34. Rxd1 Rd3 35. Qf4 Rf3+ 36. Qxf3 exf3 37. Kxf3 Rxa2 38. Bf4 Ra3+ 39. Kg4 Nd7 40. Kf5 Ra5 41. Ke6 Nc5+ 42. Kf5 Kf7 43. Rc1 Bd4 44. Rb1 Ke7 45. Re1+ Kd7 46. Rh1 Ke8 47. Re1+ 1/2-1/2

[Event "EU-ch Seniors 09th"]
[Site "Rogaska Slatina"]
[Date "2009.07.28"]
[Round "7"]
[White "Wittmann, Walter"]
[Black "Kaminik, Aleksandar"]
[Result "1-0"]
[WhiteElo "2274"]
[BlackElo "2232"]
[PlyCount "27"]
[EventDate "2009.07.22"]
[EventType "swiss"]
[EventRounds "9"]
[EventCountry "SLO"]
[SourceTitle "CBM 131 Extra"]
[Source "ChessBase"]
[SourceDate "2009.09.03"]
[SourceVersion "2"]
[SourceVersionDate "2009.09.16"]
[SourceQuality "1"]

1. e4 e6 2. d4 d5 3. Nd2 Nf6 4. e5 Nfd7 5. Bd3 c5 6. c3 Nc6 7. Ne2 cxd4 8. cxd4 f6 9. exf6 Nxf6 10. Nf3 Bd6 11. 0-0 0-0 12. Bf4 Bxf4 13. Nxf4 Nxd4 14. Qc1 1-0

[Event "Wch Seniors 18th"]
[Site "Bad Zwischenahn"]
[Date "2008.11.04"]
[Round "8"]
[White "Kaminik, Aleksandar"]
[Black "Klundt, Klaus"]
[Result "0-1"]
[WhiteElo "2256"]
[BlackElo "2353"]
[PlyCount "56"]
[EventDate "2008.10.28"]
[EventType "swiss"]
[EventRounds "11"]
[EventCountry "GER"]
[SourceTitle "EXT 2009"]
[Source "ChessBase"]
[SourceDate "2008.11.26"]
[SourceVersion "1"]
[SourceVersionDate "2008.11.26"]
[SourceQuality "1"]

1. d4 d5 2. c4 c6 3. Nf3 Nf6 4. e3 g6 5. Nc3 Bg7 6. Bd3 0-0 7. 0-0 Bg4 8. h3 Bxf3 9. Qxf3 e6 10. Rd1 Nbd7 11. e4 e5 12. Be3 dxe4 13. Bxe4 Nxe4 14. Nxe4 f5 15. Nd6 f4 16. Bd2 exd4 17. Nxb7 Qc7 18. Na5 Ne5 19. Qe4 f3 20. g3 Qd7 21. Kh2 Rae8 22. Re1 h5 23. Qh4 Nd3 24. b4 Re2 25. Rxe2 fxe2 26. Be1 Bf6 27. g4 Be5+ 28. Kg1 Rf4 0-1

[Event "Wch Seniors 18th"]
[Site "Bad Zwischenahn"]
[Date "2008.11.01"]
[Round "5"]
[White "Kaminik, Aleksandar"]
[Black "Butnorius, Algimantas"]
[Result "0-1"]
[WhiteElo "2256"]
[BlackElo "2438"]
[PlyCount "128"]
[EventDate "2008.10.28"]
[EventType "swiss"]
[EventRounds "11"]
[EventCountry "GER"]
[SourceTitle "EXT 2009"]
[Source "ChessBase"]
[SourceDate "2008.11.26"]
[SourceVersion "1"]
[SourceVersionDate "2008.11.26"]
[SourceQuality "1"]

1. d4 Nf6 2. c4 e6 3. Nc3 Bb4 4. e3 0-0 5. Bd3 d5 6. Nge2 c5 7. 0-0 cxd4 8. exd4 dxc4 9. Bxc4 Nbd7 10. Bg5 Be7 11. Qd3 a6 12. Qf3 Ra7 13. a4 b6 14. Rfe1 Rc7 15. Bb3 Bb7 16. Qh3 Re8 17. Rad1 Nd5 18. Bxd5 Bxd5 19. Bxe7 Rxe7 20. Nf4 Nf6 21. Rd3 Red7 22. Qg3 Rc4 23. h3 h6 24. Re5 Kh7 25. Rd1 Kh8 26. Ncxd5 Nxd5 27. Nxd5 Rxd5 28. Rxd5 Qxd5 29. Qb8+ Kh7 30. Qxb6 Rxa4 31. Qc5 Ra5 32. Qe7 Qf5 33. Qc7 Rd5 34. Qc4 a5 35. Rd3 Qe4 36. Qc3 e5 37. f3 Qe2 38. Rd2 Qe1+ 39. Kh2 exd4 40. Qd3+ f5 41. Re2 Qc1 42. g3 Qf1 43. f4 a4 44. h4 Rc5 45. h5 Rd5 46. Qa6 Rd6 47. Qd3 Rf6 48. Rd2 Qxd3 49. Rxd3 Rb6 50. Kh3 Rb4 51. Rd2 Kg8 52. g4 Rb3+ 53. Kh4 d3 54. Kg3 Kf7 55. g5 Ke6 56. Kf3 Kd5 57. Ke3 Kc4 58. g6 Rb4 59. Rd1 Rxb2 60. Ra1 Re2+ 61. Kf3 Kb3 62. Rb1+ Rb2 63. Re1 d2 64. Rd1 a3 0-1

[Event "EU-chT Seniors 10th"]
[Site "Dresden"]
[Date "2008.02.18"]
[Round "8.3"]
[White "Pribyl, Josef"]
[Black "Kaminik, Aleksandar"]
[Result "1/2-1/2"]
[WhiteElo "2367"]
[BlackElo "2247"]
[PlyCount "39"]
[EventDate "2008.02.11"]
[EventType "team-swiss"]
[EventRounds "9"]
[EventCountry "GER"]
[SourceTitle "CBM 122 Extra"]
[Source "ChessBase"]
[SourceDate "2008.03.04"]
[SourceVersion "1"]
[SourceVersionDate "2008.03.04"]
[SourceQuality "1"]
[WhiteTeam "Czech Republic"]
[BlackTeam "Odessa"]
[WhiteTeamCountry "CZE"]
[BlackTeamCountry "UKR"]

1. d4 Nf6 2. Nf3 g6 3. Nc3 Bg7 4. e4 d6 5. Be2 0-0 6. 0-0 Nc6 7. Be3 Ng4 8. Bg5 f5 9. h3 Nh6 10. Qd2 Nf7 11. Be3 e5 12. dxe5 Nfxe5 13. Nxe5 Bxe5 14. Bc4+ Kh8 15. Bg5 Bf6 16. Bh6 Bg7 17. Bxg7+ Kxg7 18. exf5 Bxf5 19. f4 Qf6 20. Rf2 1/2-1/2

[Event "EU-chT Seniors 10th"]
[Site "Dresden"]
[Date "2008.02.15"]
[Round "5.3"]
[White "Kaminik, Aleksandar"]
[Black "Strand, Karl Wilhelm"]
[Result "1/2-1/2"]
[WhiteElo "2247"]
[BlackElo "2081"]
[PlyCount "71"]
[EventDate "2008.02.11"]
[EventType "team-swiss"]
[EventRounds "9"]
[EventCountry "GER"]
[SourceTitle "CBM 122 Extra"]
[Source "ChessBase"]
[SourceDate "2008.03.04"]
[SourceVersion "1"]
[SourceVersionDate "2008.03.04"]
[SourceQuality "1"]
[WhiteTeam "Odessa"]
[BlackTeam "Norway II"]
[WhiteTeamCountry "UKR"]
[BlackTeamCountry "NOR"]

1. d4 d5 2. c4 e6 3. cxd5 exd5 4. Nc3 c6 5. Bf4 Bd6 6. Bg3 Nf6 7. e3 Qe7 8. Bd3 0-0 9. Nf3 Bg4 10. Qc2 Bh5 11. Ne5 Bg6 12. 0-0 Bxd3 13. Qxd3 Nfd7 14. f4 Re8 15. Rae1 Bb4 16. f5 f6 17. Nf3 Nb6 18. Nd2 N8d7 19. e4 Qf8 20. e5 Bxc3 21. bxc3 fxe5 22. dxe5 Qc5+ 23. Kh1 Nc4 24. Nxc4 Qxc4 25. Qd2 Nxe5 26. f6 gxf6 27. Rxf6 Ng6 28. Ref1 Rf8 29. Qe1 Qe4 30. Qxe4 dxe4 31. Rxf8+ Rxf8 32. Rxf8+ Kxf8 33. Kg1 Ke7 34. Kf2 Ke6 35. Ke3 Kd5 36. h4 1/2-1/2

[Event "EU-chT Seniors 10th"]
[Site "Dresden"]
[Date "2008.02.11"]
[Round "1.3"]
[White "Kaminik, Aleksandar"]
[Black "Andersson, Sven Olof"]
[Result "1-0"]
[WhiteElo "2247"]
[BlackElo "2076"]
[PlyCount "61"]
[EventDate "2008.02.11"]
[EventType "team-swiss"]
[EventRounds "9"]
[EventCountry "GER"]
[SourceTitle "CBM 122 Extra"]
[Source "ChessBase"]
[SourceDate "2008.03.04"]
[SourceVersion "1"]
[SourceVersionDate "2008.03.04"]
[SourceQuality "1"]
[WhiteTeam "Odessa"]
[BlackTeam "Sweden II"]
[WhiteTeamCountry "UKR"]
[BlackTeamCountry "SWE"]

1. d4 Nf6 2. c4 g6 3. Nc3 Bg7 4. e4 d6 5. f3 h5 6. Be3 Nbd7 7. Nh3 c6 8. Qd2 a6 9. Ng5 e5 10. 0-0-0 Qe7 11. dxe5 dxe5 12. c5 Nf8 13. Na4 Be6 14. Nb6 Rd8 15. Qxd8+ Qxd8 16. Rxd8+ Kxd8 17. Bc4 Ke7 18. Rd1 Bxc4 19. Nxc4 N6d7 20. Nd6 f6 21. Nh3 Ne6 22. Nxb7 g5 23. Nf2 Nf4 24. Bxf4 gxf4 25. Nd3 Ke6 26. Nb4 Bf8 27. Nd8+ Ke7 28. Nbxc6+ Ke8 29. Ne6 Be7 30. Nc7+ Kf7 31. Rxd7 1-0

[Event "Wch Seniors 17th"]
[Site "Gmunden"]
[Date "2007.09.25"]
[Round "8"]
[White "Kaminik, Aleksandar"]
[Black "Wagner, Carl E"]
[Result "1-0"]
[WhiteElo "2288"]
[BlackElo "2186"]
[PlyCount "97"]
[EventDate "2007.09.17"]
[EventType "swiss"]
[EventRounds "11"]
[EventCountry "AUT"]
[SourceTitle "CBM 120 Extra"]
[Source "ChessBase"]
[SourceDate "2007.11.01"]
[SourceVersion "1"]
[SourceVersionDate "2007.11.01"]
[SourceQuality "1"]

1. d4 Nf6 2. c4 c5 3. d5 b5 4. cxb5 a6 5. b6 e6 6. Nc3 Nxd5 7. Nxd5 exd5 8. Qxd5 Nc6 9. Bd2 Be7 10. Bc3 0-0 11. Nf3 Rb8 12. e4 Rxb6 13. Bc4 d6 14. Qd2 Be6 15. Bd5 Nb4 16. a3 Nc6 17. 0-0 Qc8 18. Rfe1 Re8 19. Qf4 f6 20. Qf5 Bf8 21. Nh4 Qd7 22. Rad1 Qf7 23. f4 Bxd5 24. exd5 Rxe1+ 25. Rxe1 Ne7 26. Qd7 Nxd5 27. Qd8 Rb7 28. Nf5 Rd7 29. Qc8 Rc7 30. Qxa6 Nxf4 31. Qf1 Nd5 32. Bd2 g6 33. Nh6+ Bxh6 34. Bxh6 Re7 35. Rd1 Qe6 36. Qa6 Nc7 37. Qxd6 Qxd6 38. Rxd6 Ne6 39. Bd2 Kf7 40. Bc3 Rc7 41. Kf2 Ke7 42. Rb6 Rd7 43. a4 f5 44. a5 Nd4 45. a6 Rd8 46. b4 cxb4 47. Bxb4+ Kf7 48. a7 Ra8 49. Bc5 1-0

[Event "Wch Seniors 17th"]
[Site "Gmunden"]
[Date "2007.09.24"]
[Round "7"]
[White "Plachetka, Jan"]
[Black "Kaminik, Aleksandar"]
[Result "1-0"]
[WhiteElo "2414"]
[BlackElo "2288"]
[PlyCount "87"]
[EventDate "2007.09.17"]
[EventType "swiss"]
[EventRounds "11"]
[EventCountry "AUT"]
[SourceTitle "CBM 120 Extra"]
[Source "ChessBase"]
[SourceDate "2007.11.01"]
[SourceVersion "1"]
[SourceVersionDate "2007.11.01"]
[SourceQuality "1"]

1. d4 Nf6 2. c4 g6 3. Nc3 Bg7 4. e4 d6 5. f3 0-0 6. Be3 b6 7. Bd3 Bb7 8. Qd2 c5 9. d5 Nbd7 10. Nh3 Ne5 11. Be2 a6 12. Nf2 b5 13. cxb5 axb5 14. Nxb5 Ba6 15. 0-0 e6 16. dxe6 fxe6 17. Rfd1 Ne8 18. a4 Nc6 19. Nxd6 Nd4 20. Bxa6 Nxd6 21. Qd3 Rb8 22. Bc4 Qe7 23. b3 Nxc4 24. Bxd4 Bxd4 25. Qxc4 Rb4 26. Qc1 Bxa1 27. Qxa1 Rd8 28. Rc1 Rbd4 29. Qc3 Qg5 30. h4 Qd2 31. Qxc5 Qe3 32. Rf1 Qxb3 33. h5 Qb4 34. Qg5 Kf7 35. hxg6+ hxg6 36. Ng4 Qb6 37. Ne5+ Ke8 38. a5 Qa6 39. Qxg6+ Ke7 40. Qg7+ Kd6 41. Nf7+ Kc6 42. Nxd8+ Rxd8 43. Rc1+ Kb5 44. Qb2+ 1-0

[Event "Pardubice Czech op"]
[Site "Pardubice"]
[Date "2007.07.20"]
[Round "1"]
[White "Gavrilov, Alexei"]
[Black "Kaminik, Aleksandar"]
[Result "1-0"]
[WhiteElo "2512"]
[BlackElo "2288"]
[PlyCount "59"]
[EventDate "2007.07.20"]
[EventType "swiss"]
[EventRounds "9"]
[EventCountry "CZE"]
[SourceTitle "CBM 119 Extra"]
[Source "ChessBase"]
[SourceDate "2007.09.04"]
[SourceVersion "1"]
[SourceVersionDate "2007.09.04"]
[SourceQuality "1"]

1. e4 e6 2. d4 d5 3. Nd2 Nf6 4. e5 Nfd7 5. Bd3 c5 6. c3 Nc6 7. Ne2 cxd4 8. cxd4 f6 9. exf6 Nxf6 10. Nf3 Bd6 11. 0-0 0-0 12. Bg5 Bd7 13. Re1 Qb6 14. Nc3 Ne4 15. Bh4 Bf4 16. a3 Rae8 17. Qc2 Nxd4 18. Nxd4 Qxd4 19. h3 Bh2+ 20. Kh1 Nxf2+ 21. Bxf2 Rxf2 22. Re2 Rxe2 23. Nxe2 Qe5 24. Bxh7+ Kh8 25. Rf1 Rc8 26. Bg6 Qd6 27. Qd3 Be5 28. Qf3 Bf6 29. Qh5+ Kg8 30. Rxf6 1-0

[Event "EU-ch Seniors 07th"]
[Site "Hockenheim"]
[Date "2007.06.10"]
[Round "9"]
[White "Kaminik, Aleksandar"]
[Black "Kuznetsova, Luba"]
[Result "1-0"]
[WhiteElo "2314"]
[BlackElo "2064"]
[PlyCount "48"]
[EventDate "2007.06.02"]
[EventType "swiss"]
[EventRounds "9"]
[EventCountry "GER"]
[SourceTitle "CBM 118 Extra"]
[Source "ChessBase"]
[SourceDate "2007.07.04"]
[SourceVersion "1"]
[SourceVersionDate "2007.07.04"]
[SourceQuality "1"]

1. d4 Nf6 2. c4 e6 3. Nc3 c5 4. d5 b6 5. e4 exd5 6. cxd5 d6 7. f4 Nfd7 8. Nf3 Be7 9. e5 0-0 10. Bd3 h6 11. 0-0 Ba6 12. Ne4 Qc7 13. Re1 Bxd3 14. Qxd3 a6 15. f5 c4 16. Qd1 Rd8 17. f6 Bf8 18. fxg7 Kxg7 19. e6 Ne5 20. Nxe5 dxe5 21. Qg4+ Kh8 22. Nf6 Bg7 23. Qf5 Bxf6 24. Qxf6+ Kg8 1-0

[Event "EU-ch Seniors 07th"]
[Site "Hockenheim"]
[Date "2007.06.09"]
[Round "8"]
[White "Brondum, Eric"]
[Black "Kaminik, Aleksandar"]
[Result "1/2-1/2"]
[WhiteElo "2164"]
[BlackElo "2314"]
[PlyCount "55"]
[EventDate "2007.06.02"]
[EventType "swiss"]
[EventRounds "9"]
[EventCountry "GER"]
[SourceTitle "CBM 118 Extra"]
[Source "ChessBase"]
[SourceDate "2007.07.04"]
[SourceVersion "1"]
[SourceVersionDate "2007.07.04"]
[SourceQuality "1"]

1. d4 Nf6 2. c4 g6 3. Nc3 Bg7 4. e4 d6 5. Bd2 0-0 6. Be3 c5 7. d5 e6 8. Nf3 exd5 9. cxd5 b5 10. Bxb5 Nxe4 11. Nxe4 Qa5+ 12. Qd2 Qxb5 13. Nxd6 Qxb2 14. Qxb2 Bxb2 15. Rb1 Bc3+ 16. Bd2 Bxd2+ 17. Kxd2 Na6 18. Rhe1 Rd8 19. Nxc8 Raxc8 20. Rb7 Nc7 21. Rxa7 Nb5 22. Rb7 Rxd5+ 23. Kc1 Nd4 24. Re5 Rd6 25. Ng5 Rf6 26. Ne4 Ra6 27. Ree7 Rf8 28. Ra7 1/2-1/2